[Event "Lodi op 1st"]
[Site "Lodi"]
[Date "2005.06.12"]
[Round "4"]
[White "Andersen, Alf Roger"]
[Black "Martin, Joel"]
[Result "1-0"]
[WhiteElo "2182"]
[BlackElo "2047"]
[PlyCount "73"]
[EventDate "2005.06.10"]
[EventType "swiss"]
[EventRounds "5"]
[EventCountry "ITA"]
[SourceTitle "EXT 2007"]
[Source "ChessBase"]
[SourceDate "2006.11.23"]
[SourceVersion "1"]
[SourceVersionDate "2006.11.23"]
[SourceQuality "1"]

1. e4 c5 2. Nf3 Nc6 3. d4 cxd4 4. Nxd4 Nf6 5. Nc3 e5 6. Ndb5 d6 7. Bg5 a6 8. Na3 b5 9. Bxf6 gxf6 10. Nd5 Bg7 11. g3 0-0 12. c3 Ne7 13. Nxe7+ Qxe7 14. Bg2 Be6 15. Nc2 Rfd8 16. 0-0 Rab8 17. Qh5 Rdc8 18. Ne3 b4 19. cxb4 Rxb4 20. b3 Rb5 21. Rfd1 a5 22. Rd2 Rbc5 23. Rad1 Rc1 24. Bh3 Rxd1+ 25. Rxd1 Rc6 26. Bf5 h6 27. Kg2 Qd7 28. Qe2 Qb7 29. Qg4 Qe7 30. h4 Kf8 31. Qh5 Kg8 32. Ng4 Bxf5 33. Qxf5 Qe6 34. Ne3 Qxf5 35. Nxf5 Kf8 36. Rd5 Ra6 37. h5 1-0

[Event "Nice op 19th"]
[Site "Nice"]
[Date "2003.12.28"]
[Round "4"]
[White "Martin, Joel"]
[Black "Abergel, Thal"]
[Result "0-1"]
[WhiteElo "2050"]
[BlackElo "2430"]
[PlyCount "40"]
[EventDate "2003.12.26"]
[EventType "swiss"]
[EventRounds "7"]
[EventCountry "FRA"]
[SourceTitle "CBM 097 Extra"]
[Source "ChessBase"]
[SourceDate "2004.01.13"]
[SourceVersion "1"]
[SourceVersionDate "2004.01.13"]
[SourceQuality "1"]

1. e4 c5 2. Nf3 Nc6 3. d4 cxd4 4. Nxd4 Nf6 5. Nc3 d6 6. Bg5 Bd7 7. Qd2 Rc8 8. f3 a6 9. 0-0-0 e6 10. Kb1 Be7 11. Nb3 b5 12. a3 0-0 13. h4 Qb6 14. Be3 Qb7 15. g4 Ne5 16. Be2 Nc4 17. Qd3 a5 18. Bd4 b4 19. axb4 axb4 20. Na2 Bb5 0-1

[Event "El Sauzal op 4th"]
[Site "El Sauzal"]
[Date "2003.11.02"]
[Round "8.13"]
[White "Villavicencio Martinez, Adalberto"]
[Black "Martin, Joel"]
[Result "0-1"]
[WhiteElo "2338"]
[BlackElo "2082"]
[PlyCount "65"]
[EventDate "2003.11.??"]
[EventType "swiss (rapid)"]
[EventRounds "9"]
[EventCountry "ESP"]
[SourceTitle "CBM 097 Extra"]
[Source "ChessBase"]
[SourceDate "2004.01.13"]
[SourceVersion "1"]
[SourceVersionDate "2004.01.13"]
[SourceQuality "1"]

1. d4 Nf6 2. c4 e6 3. Nf3 b6 4. g3 Bb7 5. Bg2 Be7 6. 0-0 0-0 7. Nc3 Ne4 8. Bd2 c5 9. d5 exd5 10. cxd5 Nxc3 11. Bxc3 d6 12. Qc2 Nd7 13. Rfd1 Bf6 14. a4 Re8 15. e3 Ba6 16. Nd2 Bxc3 17. bxc3 c4 18. Nf3 Ne5 19. Nxe5 Rxe5 20. Rd4 Re7 21. Qb2 Rb8 22. Qe2 Rc7 23. Be4 Rc5 24. Qh5 h6 25. Qf5 g6 26. Qf4 Kg7 27. h4 Qf6 28. Qg4 Bc8 29. Qe2 h5 30. Bg2 Bd7 31. Qd2 a5 32. Bf1 b5 33. axb5 0-1

[Event "FRA-chT2"]
[Site "France"]
[Date "2002.03.23"]
[Round "10"]
[White "Martin, Joel"]
[Black "Dubreuil, Julien"]
[Result "0-1"]
[WhiteElo "2073"]
[BlackElo "2129"]
[PlyCount "46"]
[EventDate "2002.??.??"]
[EventType "team-tourn"]
[EventRounds "11"]
[EventCountry "FRA"]
[SourceTitle "EXT 2003"]
[Source "ChessBase"]
[SourceDate "2002.11.25"]
[SourceVersion "1"]
[SourceVersionDate "2002.11.25"]
[SourceQuality "1"]

1. e4 e5 2. Nf3 Nc6 3. Bb5 a6 4. Ba4 Nf6 5. 0-0 Be7 6. Re1 b5 7. Bb3 0-0 8. a4 Bb7 9. c3 d5 10. axb5 axb5 11. Rxa8 Bxa8 12. exd5 Nxd5 13. d4 exd4 14. Nxd4 Nxd4 15. Qxd4 c5 16. Qg4 Bf6 17. Bc2 g6 18. Bh6 Re8 19. Rxe8+ Qxe8 20. Qe4 Ne7 21. Qf4 Nf5 22. Nd2 Be5 23. Ne4 Bxf4 0-1

[Event "FRA-chT2"]
[Site "France"]
[Date "2002.01.20"]
[Round "6"]
[White "Adda, Olivier"]
[Black "Martin, Joel"]
[Result "0-1"]
[WhiteElo "2086"]
[BlackElo "2073"]
[PlyCount "98"]
[EventDate "2002.??.??"]
[EventType "team-tourn"]
[EventRounds "11"]
[EventCountry "FRA"]
[SourceTitle "EXT 2003"]
[Source "ChessBase"]
[SourceDate "2002.11.25"]
[SourceVersion "1"]
[SourceVersionDate "2002.11.25"]
[SourceQuality "1"]

1. e4 c5 2. Nf3 Nc6 3. d4 cxd4 4. Nxd4 Nf6 5. Nc3 e5 6. Ndb5 d6 7. Bg5 a6 8. Na3 b5 9. Bxf6 gxf6 10. Nd5 f5 11. Bxb5 axb5 12. Nxb5 Ra4 13. Nbc7+ Kd7 14. b4 Rxb4 15. 0-0 Rb7 16. Qh5 Rxc7 17. Qxf7+ Ne7 18. Nf6+ Kc6 19. Rab1 d5 20. Ne8 Rb7 21. Qf6+ Kd7 22. Rxb7+ Bxb7 23. Qxh8 Kxe8 24. exf5 Qd6 25. Qxh7 d4 26. Qh5+ Kd7 27. Qf7 Qd5 28. Qxd5+ Bxd5 29. g4 Bxa2 30. h4 Bd5 31. Ra1 Nc6 32. g5 Be4 33. f6 Ke6 34. Ra6 Kf7 35. h5 Bf3 36. Kh2 Bd6 37. Rb6 e4+ 38. Kh3 e3 39. Rb7+ Ne7 40. Rb1 Nf5 41. fxe3 dxe3 42. Rg1 Bxh5 43. c3 e2 44. c4 Bb4 45. Rb1 Ne3 46. c5 Nd1 47. Rxb4 e1Q 48. Rb7+ Kg6 49. Rg7+ Kf5 0-1

[Event "IECG C1.2001.0.00332"]
[Site "IECG email"]
[Date "2001.01.10"]
[Round "?"]
[White "Martin, Joel"]
[Black "Boivin, Rejean"]
[Result "1/2-1/2"]
[WhiteElo "2032"]
[BlackElo "2100"]
[PlyCount "83"]
[EventDate "2001.01.10"]
[EventType "tourn (corr)"]
[EventRounds "6"]
[SourceTitle "Corr 2008"]
[Source "ChessBase"]
[SourceDate "2008.06.24"]
[SourceVersion "1"]
[SourceVersionDate "2008.06.24"]
[SourceQuality "1"]

1. e4 c5 2. Nf3 e6 3. d4 cxd4 4. Nxd4 Nc6 5. Nb5 d6 6. c4 Nf6 7. N1c3 a6 8. Na3 Be7 9. Be2 0-0 10. 0-0 b6 11. Be3 Bb7 12. Qb3 Nd7 13. Rfd1 Nc5 14. Qc2 Qc7 15. Rac1 Rac8 16. Qd2 Rfd8 17. Bf4 Ne5 18. Qe3 Qb8 19. Bg3 Qa8 20. f3 Qb8 21. Kh1 Re8 22. Rd2 Red8 23. Rcd1 Qc7 24. Bf2 h6 25. h4 Ng6 26. g3 Qc6 27. b4 Nd7 28. b5 axb5 29. Naxb5 Ra8 30. Nxd6 Nc5 31. Nxb7 Qxb7 32. Nb5 Rxd2 33. Rxd2 Qb8 34. f4 e5 35. f5 Nf8 36. Bf3 Nfd7 37. Qe2 Ra5 38. Kg2 Qa8 39. Nc7 Qb7 40. Nd5 Bd8 41. Qd1 Ra7 42. Rb2 1/2-1/2

[Event "IECG CP.2000.P.00101"]
[Site "IECG email"]
[Date "2000.10.01"]
[Round "?"]
[White "Martin, Joel"]
[Black "Zumsande, Martin"]
[Result "1/2-1/2"]
[WhiteElo "2086"]
[BlackElo "2331"]
[PlyCount "50"]
[EventDate "2000.10.01"]
[EventType "tourn (corr)"]
[EventRounds "6"]
[EventCountry "FRA"]
[SourceTitle "Corr 2008"]
[Source "ChessBase"]
[SourceDate "2008.06.24"]
[SourceVersion "1"]
[SourceVersionDate "2008.06.24"]
[SourceQuality "1"]

1. d4 Nf6 2. c4 e6 3. Nc3 Bb4 4. Qc2 0-0 5. a3 Bxc3+ 6. Qxc3 b6 7. Bg5 Bb7 8. f3 h6 9. Bh4 d5 10. e3 Nbd7 11. cxd5 Nxd5 12. Bxd8 Nxc3 13. Bh4 Nd5 14. Bf2 f5 15. Bb5 c6 16. Bd3 e5 17. Ne2 Rae8 18. 0-0 exd4 19. exd4 Nb8 20. Nc3 Ba6 21. Bxa6 Nxa6 22. Nxd5 cxd5 23. Rfe1 Nc7 24. Rac1 Rxe1+ 25. Rxe1 Re8 1/2-1/2

[Event "Martinez op-A"]
[Site "Cannes"]
[Date "2000.08.06"]
[Round "9"]
[White "Martin, Joel"]
[Black "Daurelle, Herve"]
[Result "0-1"]
[WhiteElo "2080"]
[BlackElo "2201"]
[PlyCount "142"]
[EventDate "2000.07.29"]
[EventType "swiss"]
[EventRounds "9"]
[EventCountry "FRA"]
[SourceTitle "EXT 2001"]
[Source "ChessBase"]
[SourceDate "2000.11.22"]
[SourceVersion "1"]
[SourceVersionDate "2000.11.22"]
[SourceQuality "1"]

1. e4 e5 2. Nf3 Nc6 3. Bb5 a6 4. Ba4 Nf6 5. 0-0 Be7 6. Re1 b5 7. Bb3 d6 8. c3 0-0 9. h3 Re8 10. Ng5 Rf8 11. Nf3 Bb7 12. d4 Re8 13. Ng5 Rf8 14. Nf3 Re8 15. Ng5 Rf8 16. Nf3 Re8 17. Ng5 Rf8 18. Nf3 Nd7 19. Nbd2 Bf6 20. Nf1 Nb6 21. Ng3 g6 22. Bh6 Bg7 23. Bg5 Qd7 24. dxe5 Nxe5 25. Nxe5 Bxe5 26. Nf1 a5 27. a3 a4 28. Ba2 b4 29. cxb4 Bxb2 30. Rb1 Bg7 31. Qd2 Rae8 32. f3 d5 33. exd5 Nxd5 34. Bxd5 Qxd5 35. Qxd5 Bxd5 36. Be7 Bc3 37. Bxf8 Bxe1 38. Bc5 Bc3 39. Ne3 Ba2 40. Rd1 Bb2 41. Rd2 Bc1 42. Rxa2 Bxe3+ 43. Bxe3 Rxe3 44. Kf2 Rc3 45. Kg3 Kg7 46. Kf4 Kf6 47. Ke4 Kg5 48. Kd4 Rc1 49. Ke3 f5 50. Kd2 Rg1 51. Kc3 Kf4 52. b5 Rb1 53. Kc4 Kg3 54. Kc5 h5 55. Kc6 Rc1+ 56. Kb7 Rc3 57. Ka6 f4 58. Ka5 Rc4 59. Rb2 g5 60. Rd2 h4 61. Ka6 Rc3 62. Ra2 g4 63. hxg4 h3 64. gxh3 Rxf3 65. Kb7 Rb3 66. Kc6 f3 67. g5 f2 68. Ra1 Rc3+ 69. Kd5 Kxh3 70. g6 Rg3 71. Rf1 Kg2 0-1

[Event "Martinez op-A"]
[Site "Cannes"]
[Date "2000.07.31"]
[Round "3"]
[White "Fittante, Giuliana"]
[Black "Martin, Joel"]
[Result "1/2-1/2"]
[WhiteElo "2020"]
[BlackElo "2080"]
[PlyCount "68"]
[EventDate "2000.07.29"]
[EventType "swiss"]
[EventRounds "9"]
[EventCountry "FRA"]
[SourceTitle "EXT 2001"]
[Source "ChessBase"]
[SourceDate "2000.11.22"]
[SourceVersion "1"]
[SourceVersionDate "2000.11.22"]
[SourceQuality "1"]

1. d4 Nf6 2. Nf3 g6 3. c3 Bg7 4. Bf4 d5 5. h3 Nbd7 6. Nbd2 b6 7. e3 Bb7 8. Bd3 0-0 9. 0-0 c5 10. Re1 Re8 11. Ne5 Nxe5 12. Bxe5 Nd7 13. Bxg7 Kxg7 14. Nf3 e5 15. Bb5 f6 16. Qa4 e4 17. Bxd7 Re7 18. Bg4 h5 19. Bxh5 gxh5 20. Nh4 Bc8 21. dxc5 bxc5 22. Qc6 Rb8 23. Qxc5 Rxb2 24. Red1 Rc7 25. Qd4 Be6 26. c4 Rb4 27. Qxe4 dxe4 28. Rxd8 Rcxc4 29. Re8 Bf7 30. Re7 Ra4 31. Nf5+ Kf8 32. Rxf7+ Kxf7 33. Nd6+ Ke6 34. Nxc4 Rxc4 1/2-1/2

[Event "IECG C1.2000.0.00284"]
[Site "IECG email"]
[Date "2000.05.20"]
[Round "?"]
[White "Laczay, Istvan"]
[Black "Martin, Joel"]
[Result "1/2-1/2"]
[WhiteElo "2076"]
[BlackElo "2096"]
[PlyCount "70"]
[EventDate "2000.05.20"]
[EventType "tourn (corr)"]
[EventRounds "6"]
[SourceTitle "Corr 2008"]
[Source "ChessBase"]
[SourceDate "2008.06.24"]
[SourceVersion "1"]
[SourceVersionDate "2008.06.24"]
[SourceQuality "1"]

1. d4 Nf6 2. c4 g6 3. Nc3 d5 4. cxd5 Nxd5 5. e4 Nxc3 6. bxc3 Bg7 7. Bc4 0-0 8. Ne2 c5 9. 0-0 Nc6 10. Be3 Bg4 11. f3 Na5 12. Bd3 cxd4 13. cxd4 Be6 14. Qa4 a6 15. d5 b5 16. Qb4 Bxa1 17. Rxa1 Bd7 18. Qd4 f6 19. e5 fxe5 20. Qxe5 Qb8 21. Qxe7 Re8 22. Qc5 Nb7 23. Qd4 Qe5 24. Qxe5 Rxe5 25. Bd4 Ree8 26. Ng3 Kf7 27. Ne4 h6 28. Rd1 Red8 29. Kf2 Rac8 30. Bb6 Re8 31. Be3 g5 32. Bd4 Red8 33. Bb6 Re8 34. Bd4 Red8 35. Bb6 Re8 1/2-1/2

[Event "IECG C1.2000.0.00280"]
[Site "IECG email"]
[Date "2000.05.14"]
[Round "?"]
[White "Guenther, Christian"]
[Black "Martin, Joel"]
[Result "1-0"]
[WhiteElo "2122"]
[BlackElo "2086"]
[PlyCount "47"]
[EventDate "2000.05.14"]
[EventType "tourn (corr)"]
[EventRounds "6"]
[SourceTitle "Corr 2008"]
[Source "ChessBase"]
[SourceDate "2008.06.24"]
[SourceVersion "1"]
[SourceVersionDate "2008.06.24"]
[SourceQuality "1"]

1. e4 c6 2. d4 d5 3. exd5 cxd5 4. c4 Nf6 5. Nc3 Nc6 6. Bg5 dxc4 7. d5 Ne5 8. Qd4 h6 9. Qxe5 hxg5 10. Bxc4 Bd7 11. Bb3 g4 12. Rd1 Rc8 13. Nge2 Rh5 14. Qg3 Qa5 15. 0-0 b5 16. Nf4 Rh6 17. Rfe1 b4 18. Ne4 Nxe4 19. Rxe4 g5 20. Ne6 fxe6 21. dxe6 Bc6 22. Rxg4 Qb6 23. Rc4 Rxe6 24. Qg4 1-0

[Event "AJEC Gr06 email"]
[Site "France"]
[Date "2000.??.??"]
[Round "?"]
[White "Coclet, Olivier"]
[Black "Martin, Joel"]
[Result "1/2-1/2"]
[WhiteElo "2192"]
[BlackElo "1882"]
[PlyCount "61"]
[EventDate "2000.03.20"]
[EventType "tourn (corr)"]
[EventRounds "10"]
[EventCountry "FRA"]
[SourceTitle "Corr 2004"]
[Source "ChessBase"]
[SourceDate "2003.04.28"]
[SourceVersion "3"]
[SourceVersionDate "2003.04.28"]
[SourceQuality "1"]

1. e4 c5 2. c3 Nf6 3. e5 Nd5 4. d4 cxd4 5. Nf3 Nc6 6. Bc4 Nb6 7. Bb3 d6 8. exd6 Qxd6 9. Na3 dxc3 10. Qe2 Bf5 11. Nb5 Qd7 12. Ne5 Nxe5 13. Qxe5 f6 14. Nc7+ Kd8 15. Ne6+ Bxe6 16. Qxe6 Qxe6+ 17. Bxe6 Na4 18. Be3 cxb2 19. Rd1+ Kc7 20. 0-0 Nc3 21. Rd7+ Kc6 22. Rd3 b1N 23. Rc1 Kb5 24. Rc2 b6 25. Bd2 Nxd2 26. Rcxc3 Ne4 27. Rb3+ Kc5 28. f3 Nd6 29. Rbc3+ Kb4 30. Rb3+ Ka5 31. Ra3+ 1/2-1/2

[Event "AJEC Gr06 email"]
[Site "France"]
[Date "2000.??.??"]
[Round "?"]
[White "Martin, Joel"]
[Black "Boisgard, Jean Marc"]
[Result "1-0"]
[WhiteElo "1882"]
[BlackElo "1789"]
[PlyCount "67"]
[EventDate "2000.03.20"]
[EventType "tourn (corr)"]
[EventRounds "10"]
[EventCountry "FRA"]
[SourceTitle "Corr 2004"]
[Source "ChessBase"]
[SourceDate "2003.04.28"]
[SourceVersion "3"]
[SourceVersionDate "2003.04.28"]
[SourceQuality "1"]

1. e4 c5 2. Nf3 a6 3. c3 Nc6 4. d4 cxd4 5. cxd4 d6 6. Nc3 Nf6 7. Bc4 Bg4 8. Qb3 e6 9. Qxb7 Na5 10. Qb4 Nxc4 11. Qxc4 Bxf3 12. gxf3 Be7 13. Qc6+ Nd7 14. Bd2 0-0 15. Rg1 Bf6 16. Qxd6 Nb6 17. Qxd8 Rfxd8 18. Ne2 Rdc8 19. Bc3 a5 20. Kd2 Nc4+ 21. Kd3 Nxb2+ 22. Bxb2 Ra7 23. Rac1 Rac7 24. Rxc7 Rxc7 25. Rc1 Bd8 26. Rxc7 Bxc7 27. h3 Kf8 28. Kc4 Ke7 29. d5 f6 30. Nd4 exd5+ 31. exd5 g6 32. Nc6+ Kf7 33. Kc5 f5 34. d6 1-0

[Event "AJEC Gr06 email"]
[Site "France"]
[Date "2000.??.??"]
[Round "?"]
[White "Martin, Joel"]
[Black "Jaumin, Jean Marie"]
[Result "1-0"]
[WhiteElo "1882"]
[BlackElo "1850"]
[PlyCount "57"]
[EventDate "2000.03.20"]
[EventType "tourn (corr)"]
[EventRounds "10"]
[EventCountry "FRA"]
[SourceTitle "Corr 2004"]
[Source "ChessBase"]
[SourceDate "2003.04.28"]
[SourceVersion "3"]
[SourceVersionDate "2003.04.28"]
[SourceQuality "1"]

1. e4 g6 2. d4 d6 3. c3 Bg7 4. Nf3 Nc6 5. Bd3 e5 6. dxe5 dxe5 7. 0-0 Nge7 8. b4 a6 9. a4 Be6 10. Qc2 0-0 11. Rd1 Qc8 12. Ba3 Re8 13. Nbd2 Na7 14. Ng5 b5 15. Nxe6 Qxe6 16. Nb3 Red8 17. Nc5 Qc8 18. Bc1 Rd6 19. Be3 c6 20. a5 Rd8 21. Be2 f5 22. Bg5 Re8 23. Qb3+ Kh8 24. Rd7 Nd5 25. exd5 cxd5 26. Qxd5 Rf8 27. Rxg7 Kxg7 28. Ne6+ Kh8 29. Qxe5+ 1-0

[Event "FRA-chT2S 9899"]
[Site "France"]
[Date "1999.??.??"]
[Round "6"]
[White "Veysseyre, Didier"]
[Black "Martin, Joel"]
[Result "0-1"]
[WhiteElo "2158"]
[BlackElo "2100"]
[PlyCount "168"]
[EventDate "1998.??.??"]
[EventType "team-tourn"]
[EventRounds "9"]
[EventCountry "FRA"]
[SourceTitle "EXT 2002"]
[Source "ChessBase"]
[SourceDate "2001.11.25"]
[SourceVersion "1"]
[SourceVersionDate "2001.11.25"]
[SourceQuality "1"]

1. d4 Nf6 2. c4 g6 3. Nc3 d5 4. cxd5 Nxd5 5. e4 Nxc3 6. bxc3 Bg7 7. Bc4 0-0 8. Ne2 c5 9. 0-0 Nc6 10. Be3 Bg4 11. f3 Na5 12. Bd3 cxd4 13. cxd4 Be6 14. Rc1 Bxa2 15. Qa4 Be6 16. d5 Bd7 17. Qb4 e6 18. d6 Nc6 19. Qxb7 Rb8 20. Qc7 Rb3 21. Rcd1 Ne5 22. Nc1 Qxc7 23. dxc7 Rc3 24. Bxa7 Rxc7 25. Be3 Ba4 26. Rde1 Rxc1 27. Rxc1 Nxd3 28. Rc7 Be5 29. Ra7 Bc2 30. f4 Bg7 31. f5 exf5 32. exf5 Be5 33. f6 Nb4 34. Rb7 Nd5 35. Bh6 Re8 36. Bg7 Bf5 37. Rd1 Nxf6 38. Bh6 Ng4 39. Bg5 Be6 40. Rdb1 Kg7 41. h3 Nf6 42. Rd1 h6 43. Bh4 g5 44. Bf2 Kg6 45. Rb6 Nh5 46. Re1 Bg3 47. Bxg3 Nxg3 48. Re3 Nh5 49. Rd3 Nf4 50. Rd2 Rc8 51. Kh2 Rc3 52. Ra6 Nh5 53. Rb6 Ng3 54. Rf2 h5 55. Ra6 h4 56. Rb6 Nh5 57. Ra6 Nf4 58. Rb6 Re3 59. Rbb2 Re1 60. Rbd2 Bf5 61. Rd6+ f6 62. Rdd2 Be4 63. Rd4 Nh5 64. Rd6 Bf5 65. Rfd2 Ng3 66. Rd1 Re2 67. Rg1 Be4 68. Rdd1 Rf2 69. Rde1 f5 70. Ra1 Kh5 71. Rae1 f4 72. Ra1 f3 73. Ra4 Rxg2+ 74. Rxg2 fxg2 75. Ra2 Bf3 76. Rf2 g4 77. hxg4+ Kxg4 78. Rxg2 Bxg2 79. Kxg2 Ne4 80. Kh2 Ng5 81. Kg2 h3+ 82. Kh2 Kf4 83. Kg1 Kg3 84. Kh1 Ne4 0-1

[Event "FRA-chT2S 9798"]
[Site "France"]
[Date "1998.??.??"]
[Round "10"]
[White "Martin, Joel"]
[Black "Balais, Andre"]
[Result "1-0"]
[WhiteElo "2065"]
[BlackElo "1680"]
[PlyCount "61"]
[EventDate "1997.??.??"]
[EventType "team-tourn"]
[EventRounds "9"]
[EventCountry "FRA"]
[SourceTitle "EXT 2003"]
[Source "ChessBase"]
[SourceDate "2002.11.25"]
[SourceVersion "1"]
[SourceVersionDate "2002.11.25"]
[SourceQuality "1"]

1. e4 c5 2. Nf3 d6 3. d4 cxd4 4. Qxd4 Nc6 5. Bb5 Qc7 6. Nc3 e6 7. Be3 Bd7 8. Bxc6 Bxc6 9. 0-0-0 Nf6 10. h3 Be7 11. Qd3 a6 12. Nd4 Bd7 13. g4 b5 14. a3 Rb8 15. Rhe1 0-0 16. f4 b4 17. axb4 Rxb4 18. g5 Nh5 19. f5 Rfb8 20. b3 a5 21. Kd2 a4 22. bxa4 Qa5 23. Rg1 Rxa4 24. Ke2 Ra3 25. Nb3 Qe5 26. Kd2 exf5 27. Bd4 fxe4 28. Qxe4 Bxg5+ 29. Be3 Qh2+ 30. Kc1 Rc8 31. Rxg5 1-0

[Event "FRA-chT2S"]
[Site "France"]
[Date "1997.??.??"]
[Round "4"]
[White "Martin, Joel"]
[Black "Bramme, Emmanuelle"]
[Result "1/2-1/2"]
[WhiteElo "2075"]
[BlackElo "1940"]
[PlyCount "128"]
[EventDate "1997.??.??"]
[EventType "team-tourn"]
[EventRounds "9"]
[EventCountry "FRA"]
[SourceTitle "EXT 2007"]
[Source "ChessBase"]
[SourceDate "2006.11.23"]
[SourceVersion "1"]
[SourceVersionDate "2006.11.23"]
[SourceQuality "1"]
[WhiteTeam "Nice Alekhine"]
[BlackTeam "Cannes"]
[WhiteTeamCountry "FRA"]
[BlackTeamCountry "FRA"]

1. e4 c5 2. Nf3 e6 3. d4 cxd4 4. Nxd4 Nf6 5. Nc3 d6 6. Be2 a6 7. Be3 Be7 8. 0-0 b5 9. Bf3 Bb7 10. e5 Nd5 11. Nxd5 Bxd5 12. Bxd5 exd5 13. e6 0-0 14. exf7+ Rxf7 15. Ne6 Qd7 16. Qxd5 Nc6 17. Nd4 Rc8 18. Nxc6 Qxc6 19. Qxc6 Rxc6 20. c3 Bd8 21. Rad1 Bb6 22. Rfe1 Kf8 23. Bxb6 Rxb6 24. Rd4 Re7 25. Kf1 Rc6 26. Rxe7 Kxe7 27. Ke2 Rc5 28. Ke3 Ke6 29. Kd3 Rh5 30. h4 Rf5 31. f3 h5 32. Ke4 Re5+ 33. Kf4 d5 34. Rb4 Re2 35. g4 hxg4 36. fxg4 Rh2 37. Kg5 Rg2 38. h5 Kf7 39. Kf5 Re2 40. g5 Rf2+ 41. Ke5 Rh2 42. h6 gxh6 43. gxh6 Rh5+ 44. Kd6 Rxh6+ 45. Kxd5 Ke7 46. a4 bxa4 47. Rxa4 Kd7 48. Rc4 Rh5+ 49. Kd4 Kd6 50. Kd3 a5 51. Kc2 Rb5 52. b3 Rh5 53. Kb2 Rh1 54. b4 axb4 55. cxb4 Rh3 56. Rc3 Rxc3 57. Kxc3 Kc6 58. Kb2 Kb6 59. Ka3 Kb5 60. Kb3 Kb6 61. Kc4 Kc6 62. b5+ Kb6 63. Kb4 Kb7 64. Ka5 Ka7 1/2-1/2